Histoire moderne (1498-1715) (Record no. 96474)

MARC details
000 -LEADER
campo de control de longitud fija 00812nam a2200217 i 4500
001 - NÚMERO DE CONTROL
campo de control 96474
003 - IDENTIFICADOR DE NÚMERO DE CONTROL
campo de control ES-MaACL
005 - FECHA Y HORA DE LA ÚLTIMA TRANSACCIÓN
campo de control 20251207155240.0
007 - CAMPO FIJO DE DESCRIPCIÓN FÍSICA--INFORMACIÓN GENERAL
campo de control de longitud fija t|
008 - DATOS DE LONGITUD FIJA--INFORMACIÓN GENERAL
campo de control de longitud fija 050627s1914 fr ab |||| | fre d
100 1# - ENTRADA PRINCIPAL--NOMBRE DE PERSONA
Nombre de persona Malet, Albert.
9 (RLIN) 75754
245 10 - MENCIÓN DEL TÍTULO
Título Histoire moderne (1498-1715)
Resto del título : rédigée conformément aux programmes officiels du 31 Mai 1902 : classe de seconde /
Mención de responsabilidad, etc. Albert Malet.
250 ## - MENCION DE EDICION
Mención de edición 3e éd.
260 ## - PUBLICACIÓN, DISTRIBUCIÓN, ETC.
Lugar de publicación, distribución, etc. Paris :
Nombre del editor, distribuidor, etc. Librairie Hachette et Cie.,
Fecha de publicación, distribución, etc. 1914.
300 ## - DESCRIPCIÓN FÍSICA
Extensión 762 p. :
Otras características físicas il., mapas ;
Dimensiones 19 cm.
490 1# - MENCIÓN DE SERIE
Mención de serie Cours complete d'histoire a l'usage de l'enseignement secondaire
650 #4 - PUNTO DE ACCESO ADICIONAL DE MATERIA--TÉRMINO DE MATERIA
Término de materia o nombre geográfico como elemento de entrada Historia moderna-
Subdivisión de forma Libros escolares.
9 (RLIN) 167106
830 0# - PUNTO DE ACCESO ADICIONAL DE SERIE-TÍTULO UNIFORME
Título uniforme Cours complet d'histoire a l'usage de l'enseignement secondaire
9 (RLIN) 184389
852 ## - LOCALIZACIÓN
Ubicación ES-MaACL
Número de control de estantería B-3135
Holdings
Estatus retirado Estado de pérdida Estado de daño No para préstamo Biblioteca de origen Biblioteca actual Ubicación en estantería Fecha de adquisición Fuente de adquisición Total de préstamos Signatura topográfica completa Código de barras Visto por última vez Precio de reemplazo Tipo de ítem Koha
        Biblioteca del Ateneo de Madrid Biblioteca del Ateneo de Madrid Sala Pardo Bazán 17/01/2008     B-3135 1100720 23/02/2023 23/02/2023 Libro impreso